| 000 | 00718nam a2200277Ia 4500 | ||
|---|---|---|---|
| 001 | 21696 | ||
| 005 | 20240114000609.0 | ||
| 007 | ta | ||
| 008 | 060308s2000 a g b000 u 465 u | ||
| 040 | _aCottonCollege,Assam | ||
| 041 | _a465 | ||
| 082 |
_a581.954 _bV 59 M |
||
| 100 | _aVerma, Ganapati Singh . | ||
| 245 | 0 |
_aMiracles of Indian Herbs / _cGanapati Singh Verma. _hTextual Documents |
|
| 250 | _a1st d. / | ||
| 260 |
_aDelhi : _bG.S. Ayurvedic Research Product , _c2000. |
||
| 300 |
_a326p. : _bill ; _c18cm . |
||
| 504 | _aIndex | ||
| 653 | _aBotany | ||
| 653 | _aG-Botany | ||
| 653 | _aIndia-Botany | ||
| 942 |
_2ddc _cBK |
||
| 999 |
_c21678 _d21678 |
||